MARC

LEADER 00000nam0a2200000 4500
001 321481
005 20231102003359.0
035 |a (RuTPU)RU\TPU\book\347036 
090 |a 321481 
100 |a 20160826d1971 k y0rusy50 ca 
101 0 |a rus 
102 |a RU 
105 |a y z 001zy 
200 1 |a Теория и расчет интенсивностей в колебательных спектрах молекул  |f Л. С. Маянц, Б. С. Авербух  |g Академия наук СССР (АН СССР), Институт элементоорганических соединений им. А. Н. Несмеянова (ИНЭОС) 
210 |a Москва  |c Наука  |d 1971 
215 |a 143 с. 
320 |a Библиогр.: с. 141 
606 1 |a Молекулы  |x Колебания  |2 stltpush  |3 (RuTPU)RU\TPU\subj\67319  |9 83163 
610 1 |a молекулярная физика 
610 1 |a колебательные спектры 
610 1 |a интенсивность 
610 1 |a математические методы 
610 1 |a симметрии 
610 1 |a изотопозамещения 
610 1 |a инфракрасные спектры 
610 1 |a методы расчета 
610 1 |a вычисление 
610 1 |a библиотека А. Г. Стромберга 
675 |a 539.194  |v 4 
700 1 |a Маянц  |b Л. С.  |g Лазарь Соломонович 
701 1 |a Авербух  |b Б. С.  |g Борис Самуилович 
712 0 2 |a Академия наук СССР (АН СССР)  |b Институт элементоорганических соединений им. А. Н. Несмеянова (ИНЭОС)  |c (Москва)  |2 stltpush  |3 (RuTPU)RU\TPU\col\12434 
801 1 |a RU  |b 63413507  |c 20160826 
801 2 |a RU  |b 63413507  |c 20171108  |g RCR 
942 |c BK